| 000 | 00347nam a22001457a 4500 | ||
|---|---|---|---|
| 003 | OSt | ||
| 005 | 20160727222344.0 | ||
| 008 | 160621b xxu||||| |||| 00| 0 eng d | ||
| 040 | _cTEST | ||
| 100 |
_9207 _aMatthews, A |
||
| 245 |
_aExplorers _bThe story book |
||
| 260 |
_aU.K _bArmada _c1985 |
||
| 300 | _aExplorers:The story book | ||
| 942 |
_2ddc _cBK |
||
| 999 |
_c165 _d165 |
||